[Event "2025 New Year TNM: 2000+"]
[Site "San Francisco"]
[Date "2025.01.21"]
[Round "3.1"]
[White "Atkeson, Christopher Timothy"]
[Black "Cremisi, Daniel"]
[Result "0-1"]
[WhiteElo "2181"]
[BlackElo "2398"]
[PlyCount "78"]
[GameId "2137293026623685"]
[EventDate "2025.??.??"]

{[%evp 0,7,13,37,34,1,24,23,-11,16]} 1. e4 e6 {[%emt 0:05:21]} 2. d4 {[%emt 0:00:12]} d5 {[%emt 0:00:02]} 3. Nd2 {[%emt 0:00:13]} c5 {[%emt 0:00:10]} 4. Ngf3 {[%emt 0:00:23]} a6 {[%emt 0:00:19] [#]} 5. exd5 {[%emt 0:04:12]} exd5 {[%emt 0:00:08]} 6. Bd3 {[%emt 0:02:05]} (6. c4 Nf6 7. cxd5 cxd4 8. Bc4 Bd6 9. O-O O-O 10. Bb3 b5 11. a4 Bb7 12. axb5 axb5 13. Rxa8 Bxa8 14. Nxd4 Nxd5 15. Nxb5 Be7 16. Nf3 Bf6 17. Re1 h6 18. h3 Na6 19. Bc4 Nc5 20. b3 Nc3 21. Qxd8 Rxd8 22. Be3 Nd3 23. Bxd3 Rxd3 24. Nxc3 Bxc3 25. Rc1 Bd5 26. Ne1 Bxe1 27. Rxe1 Rxb3 28. Kh2 f5 29. Rd1 Rb5 30. Rc1 g5 31. Rc5 Rxc5 32. Bxc5 Kf7 33. f3 Kg6 34. Be3 f4 35. Bf2 Kf5 {½-½ Navara,D (2679)-Carlsen,M (2830) Titled Tuesday intern op 02nd Jan Early Chess.com INT blitz 2024 (7)}) 6... c4 {[%emt 0:01:01]} 7. Be2 {[%emt 0:00:34]} Nc6 {[%emt 0:00:46]} 8. Nf1 {[%emt 0:02:45] [#]} Be6 $146 {[%emt 0:03:17]} (8... Bd6 9. Bg5 f6 10. Bh4 Qb6 11. Ne3 Nge7 12. Rb1 Qa5+ 13. c3 Qxa2 14. Nd2 Bf5 15. Bh5+ g6 16. Rc1 O-O 17. Bf3 Bd3 18. Be2 Bxe2 19. Qxe2 Rae8 20. Ng4 Nf5 21. Nxf6+ Kf7 22. Nde4 Bf4 23. Rd1 Nxh4 24. Qg4 Nxg2+ 25. Kf1 dxe4 26. Nxe8 Rxe8 27. Kxg2 Bh6 28. d5 Ne5 29. Qh4 Bg7 30. d6 Nd7 31. Rhe1 Qa4 32. Kh3 Qb5 33. Kg2 Qf5 34. Re3 h5 35. Rde1 Bf6 36. Qh3 Bg5 37. R3e2 Qxh3+ 38. Kxh3 {0-1 Hess,R (2590)-Shulman,Y (2613) USA-ch Saint Louis 2010 (4)}) 9. Ng3 {[%emt 0:01:39]} Nf6 {[%emt 0:04:41]} 10. O-O {[%emt 0:01:32]} Bd6 {[%emt 0:01:05]} 11. Ng5 {[%emt 0:02:30]} O-O {[%emt 0:01:27]} 12. Nxe6 {[%emt 0:02:11]} fxe6 {[%emt 0:00:03]} 13. Re1 {[%emt 0:01:32]} Qc7 {[%emt 0:06:59]} 14. Bf3 {[%emt 0:05:50]} Rae8 {[%emt 0:01:39]} 15. c3 {[%emt 0:05:21]} Bf4 {[%emt 0:02:32]} 16. Be3 {[%emt 0:08:19]} Bxe3 {[%emt 0:02:18]} 17. Rxe3 {[%emt 0:01:59]} Kh8 {[%emt 0:03:37]} 18. Nh5 {[%emt 0:10:12]} Nd7 {[%emt 0:05:12]} 19. Qe2 {[%emt 0:03:04]} Qd6 {[%emt 0:02:49]} 20. Rd1 {[%emt 0:05:09]} Re7 {[%emt 0:04:46]} 21. Bg4 {[%emt 0:04:46]} Nf6 {[%emt 0:02:02]} 22. Nxf6 {[%emt 0:02:36]} Rxf6 {[%emt 0:00:09]} 23. Re1 {[%emt 0:01:24]} Nd8 {[%emt 0:00:55]} 24. g3 {[%emt 0:03:09]} b5 {[%emt 0:02:46]} 25. a3 {[%emt 0:02:19]} a5 {[%emt 0:00:45]} 26. f4 {[%emt 0:01:25]} g6 {[%emt 0:00:36]} 27. Re5 {[%emt 0:01:26]} b4 {[%emt 0:02:06]} 28. axb4 {[%emt 0:00:12]} axb4 {[%emt 0:00:12]} 29. Bf3 {[%emt 0:00:27]} bxc3 {[%emt 0:01:29]} 30. bxc3 {[%emt 0:00:31]} Rb7 {[%emt 0:02:34]} 31. Bg4 {[%emt 0:03:00]} Rb6 {[%emt 0:01:14]} 32. Qd2 {[%emt 0:10:04]} Qa3 {[%emt 0:02:27]} 33. f5 {[%emt 0:03:35]} gxf5 {[%emt 0:01:08]} 34. Bxf5 {[%emt 0:04:39]} exf5 {[%emt 0:02:53]} 35. Re8+ {[%emt 0:00:21]} Rf8 {[%emt 0:01:37]} 36. R1e7 {[%emt 0:00:42]} Ne6 {[%emt 0:16:48]} 37. Qh6 {[%emt 0:01:54]} Qa1+ {[%emt 0:02:31]} 38. Kg2 {[%emt 0:01:22]} Rb2+ {[%emt 0:01:02]} 39. Kh3 {[%emt 0:00:19]} Qf1+ {[%emt 0:00:13]} 0-1

[Event "2025 New Year TNM: 2000+"]
[Site "San Francisco"]
[Date "2025.01.21"]
[Round "3.2"]
[White "Heiserman, Jimmy"]
[Black "Dzhanhirov, Dmytro"]
[Result "1/2-1/2"]
[Annotator "Winslow,Elliott"]
[WhiteElo "2298"]
[BlackElo "2238"]
[PlyCount "118"]
[GameId "2137292960116879"]
[EventDate "2025.??.??"]

{[%evp 0,10,22,-10,12,16,38,-34,35,19,41,34,27]} 1. d4 {[%emt 0:00:03]} Nf6 {[%emt 0:00:07]} 2. c4 {[%emt 0:00:05]} d6 {[%emt 0:00:22]} 3. Nc3 {[%emt 0:00:17]} g6 {[%emt 0:00:06]} 4. e4 {[%emt 0:00:07]} Bg7 {[%emt 0:00:09]} 5. Nf3 {[%emt 0:00:08]} O-O {[%emt 0:00:08]} 6. Be2 {[%emt 0:00:06]} Bg4 {[%emt 0:00:10] [#]} 7. Be3 {[%emt 0:00:35]} Nfd7 {[%emt 0:00:43]} 8. O-O {[%emt 0:01:03]} Nc6 {[%emt 0:00:20]} 9. d5 {[%emt 0:00:26]} Bxf3 {[%emt 0:00:08]} 10. gxf3 {[%emt 0:00:41]} Ncb8 {[%emt 0:01:51]} 11. Qd2 {[%emt 0:03:41]} (11. Rc1 $1 e5 12. b4 a5 13. a3 axb4 14. axb4 Na6 15. Rb1 Qh4 16. c5 dxc5 17. Bxa6 bxa6 18. bxc5 Bh6 19. Bxh6 Qxh6 20. c6 Nf6 21. Rb7 Rfc8 22. Qc1 Qh3 23. Qe3 Nh5 24. Ne2 a5 25. Ra1 a4 26. Ra3 Qh4 27. Qc3 Qe7 28. Kf1 Rcb8 29. Qb2 Rc8 30. Qa1 Qf6 31. Qc3 Nf4 32. Nxf4 Qxf4 33. h3 f5 34. Qc4 fxe4 35. d6+ Qf7 36. Qxe4 Qe6 37. d7 Rf8 38. Kg2 Rf4 39. Rxa4 Raf8 40. Qd3 Qxc6 {1-0 Esipenko,A (2636)-Sadikhov,U (2502) EU-Cup 35th Ulcinj 2019 (4.1)}) 11... e5 {[%emt 0:00:30]} 12. f4 {[%emt 0:03:16]} exf4 {[%emt 0:03:33]} 13. Bxf4 {[%emt 0:00:06] [#]} a5 $146 {[%emt 0:00:14] [#]} (13... f5 14. exf5 Rxf5 15. Bg4 Rf8 16. Ne4 Qh4 17. h3 Ne5 18. Bg5 Qxg4+ 19. hxg4 Nf3+ 20. Kg2 Nxd2 21. Bxd2 Nd7 22. Ng5 Bh6 23. Ne4 Bxd2 24. Nxd2 Rae8 25. Rfe1 Ne5 26. f3 Nd3 27. Rxe8 Rxe8 28. Ne4 Nxb2 29. Nf6+ Kf7 30. Nxe8 Kxe8 31. Rb1 Nxc4 32. Rxb7 Ne3+ 33. Kg3 Nxd5 34. Rxa7 Kd7 35. f4 Ke6 36. a4 c5 37. Rxh7 c4 38. a5 c3 39. a6 Nb6 40. Rc7 d5 41. Rxc3 Kd6 42. a7 d4 43. Rb3 {1-0 Sowa,A (1910)-Mathews,J (1701) Windsor NAYCC U18 2016 (9.15)}) 14. Bg3 {[%emt 0:05:51]} Nc5 {[%emt 0:00:28]} 15. Bd3 {[%emt 0:07:23]} Nxd3 {[%emt 0:00:57]} 16. Qxd3 {[%emt 0:00:05]} Nd7 {[%emt 0:00:08]} 17. f4 {[%emt 0:01:00]} f5 {[%emt 0:02:20]} 18. exf5 {[%emt 0:02:17]} Nc5 {[%emt 0:09:10]} 19. Qc2 {[%emt 0:01:19]} Rxf5 {[%emt 0:02:48] [#]} 20. Rfe1 {[%emt 0:07:40]} Qf6 {[%emt 0:11:29]} 21. Rad1 {[%emt 0:06:27]} h5 {[%emt 0:22:01]} 22. h4 {[%emt 0:05:04]} c6 {[%emt 0:11:38]} 23. Ne4 {[%emt 0:05:28]} Nxe4 {[%emt 0:00:45]} 24. Rxe4 {[%emt 0:00:05]} cxd5 {[%emt 0:03:25]} 25. cxd5 {[%emt 0:04:13]} Qxb2 {[%emt 0:04:54]} 26. Qxb2 {[%emt 0:00:12]} Bxb2 {[%emt 0:00:06]} 27. Rb1 {[%emt 0:00:50]} Ba3 {[%emt 0:08:16]} 28. Rxb7 {[%emt 0:01:19]} Rf7 {[%emt 0:03:10]} 29. Rb5 {[%emt 0:09:05]} Bb4 {[%emt 0:01:45]} 30. Kg2 {[%emt 0:02:57]} Rc8 {[%emt 0:04:17]} 31. Kf3 {[%emt 0:03:27]} Rc3+ {[%emt 0:03:24]} 32. Re3 {[%emt 0:00:11]} Rxe3+ {[%emt 0:00:23]} 33. Kxe3 {[%emt 0:00:06]} Bc5+ {[%emt 0:00:04]} 34. Kf3 {[%emt 0:01:50]} a4 {[%emt 0:00:19]} 35. Be1 {[%emt 0:03:49]} Rc7 {[%emt 0:01:53]} 36. Ra5 {[%emt 0:06:47]} a3 {[%emt 0:00:10]} 37. Ra8+ {[%emt 0:00:10]} Kf7 {[%emt 0:00:54]} 38. Rh8 {[%emt 0:00:10]} Re7 {[%emt 0:00:35]} 39. Rh7+ {[%emt 0:03:26]} Ke8 {[%emt 0:00:17]} 40. Rxe7+ {[%emt 0:00:12]} Kxe7 41. Ke4 {[%emt 0:00:21]} Kf6 {[%emt 0:00:25]} 42. Bc3+ {[%emt 0:00:26]} Kf7 {[%emt 0:00:08]} 43. f5 {[%emt 0:00:29]} Bf2 {[%emt 0:00:10]} 44. fxg6+ {[%emt 0:00:24]} Kxg6 {[%emt 0:00:02]} 45. Bb4 {[%emt 0:00:20]} Bxh4 {[%emt 0:00:22]} 46. Bxd6 {[%emt 0:00:07]} Kf7 {[%emt 0:01:24]} 47. Bxa3 {[%emt 0:00:13]} Ke8 {[%emt 0:02:32]} 48. Bd6 {[%emt 0:00:30]} Kd7 {[%emt 0:00:09]} 49. Bf4 {[%emt 0:00:21]} Be1 {[%emt 0:00:22]} 50. Kf5 {[%emt 0:01:09]} h4 {[%emt 0:00:16]} 51. a4 {[%emt 0:00:57]} Bb4 {[%emt 0:03:03]} 52. Kg4 {[%emt 0:00:40]} Bd6 {[%emt 0:01:55]} 53. Bh6 {[%emt 0:05:23]} Bg3 {[%emt 0:00:28]} 54. a5 {[%emt 0:02:07]} Kd6 {[%emt 0:00:17]} 55. a6 {[%emt 0:01:13]} Bf2 {[%emt 0:00:15]} 56. Kf3 {[%emt 0:00:23]} Kxd5 {[%emt 0:01:19]} 57. Kxf2 {[%emt 0:00:13]} Kc6 {[%emt 0:00:03]} 58. Be3 {[%emt 0:00:08]} Kc7 {[%emt 0:00:04]} 59. Ba7 {[%emt 0:00:10]} Kc6 {[%emt 0:00:01]} 1/2-1/2

[Event "2025 New Year TNM: 2000+"]
[Site "San Francisco"]
[Date "2025.01.21"]
[Round "3.3"]
[White "Smith, Olivia"]
[Black "Srinivasan, Sivavishnu"]
[Result "1-0"]
[Annotator "Winslow,Elliott"]
[WhiteElo "2144"]
[BlackElo "2092"]
[PlyCount "115"]
[GameId "2137292971835547"]
[EventDate "2025.??.??"]

{[%evp 0,4,22,12,23,46,31]} 1. e4 {[%emt 0:00:01]} c6 {[%emt 0:02:37]} 2. d4 {[%emt 0:00:13]} d5 {[%emt 0:00:04]} 3. e5 {[%emt 0:00:09]} c5 {[%emt 0:00:05]} 4. dxc5 {[%emt 0:00:05]} e6 {[%emt 0:00:05]} 5. a3 {[%emt 0:00:11]} Bxc5 {[%emt 0:00:10]} 6. b4 {[%emt 0:00:25]} (6. Nf3 f6 7. b4 Be7 8. Bb2 a5 9. b5 Nd7 10. Bd3 Nh6 11. Qe2 O-O 12. c4 Nf7 13. cxd5 Ndxe5 14. Nxe5 Nxe5 15. Bxe5 fxe5 16. Nc3 exd5 17. Nxd5 Bc5 18. O-O Be6 19. Ne3 Bd4 20. Qh5 g6 21. Bxg6 Qe7 22. Be4 Rf4 23. Bd5 Raf8 24. Rae1 Kh8 25. g3 R4f6 26. Bxe6 Qxe6 27. Re2 b6 28. Nc2 Bb2 29. Qh4 Qd5 30. a4 Rf4 31. Qh6 Qc4 32. Qh5 R8f5 33. Ne3 Rxh5 34. Nxc4 Rxc4 35. Rxb2 Rxa4 {1-0 Erigaisi,A (2797)-Andreikin,D (2729) EU-Cup 39th Vrnjacka Banja 2024 (5.1)}) 6... Be7 {[%emt 0:00:05]} 7. Nf3 {[%emt 0:02:13]} (7. Qg4 $5) 7... Nd7 {[%emt 0:01:18]} 8. c4 {[%emt 0:01:51]} dxc4 {[%emt 0:02:31]} 9. Bxc4 {[%emt 0:01:15]} Qc7 {[%emt 0:01:14]} 10. Bb5 {[%emt 0:04:30] [#]} f6 $146 {[%emt 0:03:03]} (10... a6 11. Bxd7+ Bxd7 12. O-O Rd8 13. Be3 Nh6 14. Qc1 Bc6 15. Nd4 Nf5 16. Nxf5 exf5 17. Re1 O-O 18. Nc3 Rc8 19. Bd4 Qd7 20. Qe3 Qe6 21. Bc5 Bxc5 22. bxc5 Rfe8 23. Rad1 Qb3 24. Rd3 Qc4 25. f4 g6 26. Red1 Kg7 27. Nd5 Bxd5 28. Rxd5 Re7 29. h3 Rcc7 30. g4 fxg4 31. f5 f6 32. exf6+ Kxf6 33. Rd6+ Kf7 34. Qh6 Qxc5+ 35. Kh1 Qxd6 36. Qxh7+ Ke8 37. Qh8+ Kd7 38. Rxd6+ Kxd6 39. Qd4+ Kc6 40. f6 {½-½ Fedorov,A (2454)-Karthik,R (2303) Tamil Nadu IM 9th Chennai 2023 (3)}) 11. O-O {[%emt 0:01:25]} a6 {[%emt 0:03:39]} 12. Bxd7+ {[%emt 0:03:32]} Bxd7 {[%emt 0:02:18]} 13. Bb2 {[%emt 0:03:34]} Nh6 {[%emt 0:03:56]} 14. Nbd2 {[%emt 0:09:43]} O-O {[%emt 0:05:19]} 15. Rc1 {[%emt 0:03:50]} Qd8 {[%emt 0:01:29]} 16. exf6 {[%emt 0:03:35]} gxf6 {[%emt 0:02:10]} 17. Qb3 {[%emt 0:03:00]} Kh8 {[%emt 0:02:03]} 18. Ne4 {[%emt 0:02:26]} Qe8 {[%emt 0:16:29]} 19. Rc7 {[%emt 0:20:40]} Bd8 {[%emt 0:08:09] [#]} 20. Rxd7 {[%emt 0:26:08]} Qxd7 {[%emt 0:00:26]} 21. Rd1 {[%emt 0:00:32]} Qc6 {[%emt 0:06:35]} 22. Nc5 {[%emt 0:02:05]} e5 {[%emt 0:07:20]} 23. Qe3 {[%emt 0:08:22]} Rg8 {[%emt 0:04:31]} 24. Rd7 {[%emt 0:01:06] [#]} Nf5 {[%emt 0:07:01]} 25. Qd3 {[%emt 0:00:33]} Ng7 {[%emt 0:02:56] [#]} 26. Bxe5 {[%emt 0:00:42]} (26. h4 $1 $16 Re8 27. Nxe5 $1 fxe5 28. Rd6 {[%csl Rh7][%cal Gd6h6,Gh6h7]} Qc8 {[%cal Gc8f5]} 29. Nd7 $1 Bxh4 $1 30. Rh6 e4 31. Qh3 Bxf2+ $1 32. Kh1 $1 $16) 26... Re8 $4 {[%emt 0:03:09]} (26... fxe5 27. Nxe5 Re8 $1 28. Nf7+ Kg8 29. Kf1 $3 $11 {(only move)} (29. Qd2 Qf6 $17)) 27. Bb2 $2 $14 {[%emt 0:00:42]} (27. Ng5 $1 $18) 27... b6 $1 {[%emt 0:01:26]} 28. Nb3 $2 {[%emt 0:00:39]} Rc8 $2 {[%emt 0:00:30]} (28... Be7 $1 $17 {[%cal Ga8d8]}) 29. h4 $6 {[%emt 0:00:48]} (29. g3) 29... Qc2 $17 {[%emt 0:01:52]} 30. Qxc2 {[%emt 0:00:29]} Rxc2 {[%emt 0:00:07]} 31. Bd4 {[%emt 0:00:17]} Ra2 $2 {[%emt 0:00:30]} (31... Kg8 $17 32. Ra7 a5) 32. Nbd2 $2 {[%emt 0:00:46]} (32. Ng5 $1 Kg8 33. Nf7 Re1+ 34. Kh2 Be7 35. Nh6+ Kf8 36. Bxb6 Re4 $11) 32... Rxa3 $2 {[%emt 0:00:17]} (32... Kg8 $17) 33. Nc4 $1 {[%emt 0:00:21] [#]} Rb3 $2 {[%emt 0:01:33]} (33... Rxf3 $1 34. gxf3 Kg8 35. Nd6 Re1+ 36. Kg2 Ne6 37. Nf5 $14) 34. Nd6 {[%emt 0:00:08]} Rf8 {[%emt 0:01:12]} 35. Nf7+ {[%emt 0:00:55]} Kg8 {[%emt 0:00:51]} 36. Nxd8 {[%emt 0:00:22]} Rxb4 {[%emt 0:00:07]} 37. Nc6 {[%emt 0:00:29]} Rb1+ {[%emt 0:00:18]} 38. Kh2 {[%emt 0:00:05]} Rf7 {[%emt 0:01:28]} 39. Rd8+ {[%emt 0:00:35]} Rf8 {[%emt 0:00:06]} 40. Rd6 {[%emt 0:00:40]} Nf5 {[%emt 0:00:37]} 41. Rd7 {[%emt 0:00:55]} Rf7 {[%emt 0:00:38]} 42. Rd8+ {[%emt 0:00:20]} Kg7 {[%emt 0:00:38]} 43. Rd5 {[%emt 0:00:36]} Nxd4 {[%emt 0:00:47]} 44. Ncxd4 {[%emt 0:00:10]} Ra7 {[%emt 0:02:13]} 45. h5 {[%emt 0:00:37]} a5 {[%emt 0:00:16]} 46. Nh4 {[%emt 0:00:29]} a4 {[%emt 0:00:50]} 47. Nhf5+ {[%emt 0:00:19]} Kf7 {[%emt 0:00:08]} 48. Nd6+ {[%emt 0:00:36]} Kf8 {[%emt 0:00:37]} 49. Rf5 {[%emt 0:00:48]} a3 {[%emt 0:02:01]} 50. Rxf6+ {[%emt 0:00:06]} Kg8 {[%emt 0:00:07]} 51. Ne6 {[%emt 0:00:42]} Ra8 {[%emt 0:00:05]} 52. Rf7 {[%emt 0:00:34]} Kh8 {[%emt 0:01:21]} 53. Rg7 {[%emt 0:00:30]} Rf8 {[%emt 0:00:44]} 54. Nf7+ {[%emt 0:00:08]} Rxf7 {[%emt 0:00:06]} 55. Rxf7 {[%emt 0:00:03]} h6 {[%emt 0:00:17]} 56. Ra7 {[%emt 0:00:45]} Rb3 {[%emt 0:02:12]} 57. Nd4 {[%emt 0:00:52]} Rc3 {[%emt 0:01:15]} 58. Nb5 {[%emt 0:00:44]} 1-0

[Event "2025 New Year TNM: 2000+"]
[Site "San Francisco"]
[Date "2025.01.21"]
[Round "3.4"]
[White "Tsodikova, Natalya"]
[Black "Bayaraa, Chinguun"]
[Result "0-1"]
[Annotator "Winslow,Elliott"]
[WhiteElo "2177"]
[BlackElo "2083"]
[PlyCount "170"]
[GameId "2137292982055079"]
[EventDate "2025.??.??"]

{[%evp 0,4,14,32,28,-1,36]} 1. e4 {[%emt 0:00:06]} g6 {[%emt 0:01:23]} 2. d4 {[%emt 0:00:21]} Bg7 {[%emt 0:00:07]} 3. c4 {[%emt 0:00:43]} c5 {[%emt 0:00:07]} 4. d5 {[%emt 0:01:05]} d6 {[%emt 0:00:07]} 5. Nf3 {[%emt 0:00:55]} Nf6 {[%emt 0:00:08]} 6. Nc3 {[%emt 0:00:22]} O-O {[%emt 0:00:08]} 7. Be2 {[%emt 0:02:27]} Bg4 {[%emt 0:00:25]} 8. Bf4 {[%emt 0:06:29]} (8. Be3 e6 9. dxe6 fxe6 10. e5 Bxf3 11. Bxf3 dxe5 12. Qxd8 Nbd7 {1-0 Shankland,S (2712)-Wieczorek,O (2504) Titled Tuesday intern op 25th Oct Early Chess.com INT blitz 2022 (3) So much for premove...}) 8... Nbd7 {[%emt 0:02:51]} 9. O-O {[%emt 0:01:59]} Ne8 {[%emt 0:00:51] [#]} 10. Ne1 $146 {[%emt 0:02:20]} (10. Qd2 a6 11. a4 Nc7 12. h3 Bxf3 13. Bxf3 {½-½ Gladyszev,O (2472)-Okhotnik,V (2447) FRA-chT2 0910 France 2009 (5.2)}) 10... Bxe2 {[%emt 0:00:16]} 11. Qxe2 {[%emt 0:00:22]} a6 {[%emt 0:03:11]} 12. Nd3 {[%emt 0:02:28]} Nb6 {[%emt 0:06:51]} 13. Ne1 {[%emt 0:12:58]} Nc7 {[%emt 0:01:59]} 14. a4 {[%emt 0:01:59]} Nd7 {[%emt 0:00:20]} 15. Nd3 {[%emt 0:01:19]} Nb6 {[%emt 0:00:28]} 16. Ne1 {[%emt 0:03:22]} Rb8 {[%emt 0:00:52]} 17. Nf3 {[%emt 0:02:12]} f6 {[%emt 0:00:46]} 18. Nd2 {[%emt 0:01:25]} Nd7 {[%emt 0:00:07]} 19. Bg3 {[%emt 0:01:45]} Re8 {[%emt 0:04:30]} 20. f4 {[%emt 0:02:23]} e6 {[%emt 0:00:54]} 21. dxe6 {[%emt 0:01:31]} Nxe6 {[%emt 0:00:10]} 22. Qd3 {[%emt 0:04:25]} Nd4 {[%emt 0:03:27]} 23. Nf3 {[%emt 0:01:37]} f5 {[%emt 0:01:27]} 24. exf5 {[%emt 0:02:23]} Nxf5 {[%emt 0:03:02]} 25. Qd5+ {[%emt 0:02:50]} Kh8 {[%emt 0:01:24]} 26. Ng5 {[%emt 0:01:59]} Bd4+ {[%emt 0:00:09]} 27. Bf2 {[%emt 0:02:13]} Nf6 {[%emt 0:02:57]} 28. Qf3 {[%emt 0:04:43]} Kg7 {[%emt 0:02:18]} 29. Rae1 {[%emt 0:02:34]} Qd7 {[%emt 0:00:45]} 30. Nd5 {[%emt 0:07:23]} h6 {[%emt 0:06:39]} 31. Nxf6 {[%emt 0:06:23]} Bxf6 {[%emt 0:00:10]} 32. Ne4 {[%emt 0:00:17]} Bxb2 {[%emt 0:03:02]} 33. g4 {[%emt 0:01:08]} Nd4 {[%emt 0:00:07]} 34. Qg2 {[%emt 0:00:31]} Nc6 {[%emt 0:06:10]} 35. g5 {[%emt 0:01:37]} hxg5 {[%emt 0:04:38]} 36. fxg5 {[%emt 0:01:32]} Rf8 {[%emt 0:03:12]} 37. Bg3 {[%emt 0:06:11]} Be5 {[%emt 0:01:05]} 38. Nf6 {[%emt 0:01:59]} Qe6 {[%emt 0:00:54]} 39. Re4 {[%emt 0:01:27]} Rh8 {[%emt 0:00:45]} 40. Ng4 {[%emt 0:00:48]} Rbe8 {[%emt 0:01:54]} 41. Bxe5+ {[%emt 0:01:41]} Nxe5 {[%emt 0:00:45]} 42. Nxe5 {[%emt 0:02:15]} dxe5 {[%emt 0:00:10]} 43. Rfe1 {[%emt 0:01:56]} Qd7 {[%emt 0:09:08]} 44. Qb2 {[%emt 0:01:37]} Rh5 {[%emt 0:05:46]} 45. h4 {[%emt 0:01:06]} Kg8 {[%emt 0:02:07]} 46. Qb6 {[%emt 0:00:45]} Qf5 {[%emt 0:01:16]} 47. Qxc5 {[%emt 0:01:23]} Rf8 {[%emt 0:03:21]} 48. Qd5+ {[%emt 0:00:04]} Rf7 {[%emt 0:00:09]} 49. Qd2 {[%emt 0:00:50]} Qh3 {[%emt 0:01:08]} 50. Qg2 {[%emt 0:00:44]} Rxh4 {[%emt 0:00:13]} 51. Qxh3 {[%emt 0:00:51]} Rxh3 {[%emt 0:00:07]} 52. Rxe5 {[%emt 0:00:07]} Rg3+ {[%emt 0:00:24]} 53. Kh2 {[%emt 0:00:10]} Rg4 {[%emt 0:00:02]} 54. Re8+ {[%emt 0:00:33]} Kg7 {[%emt 0:00:05]} 55. R1e5 {[%emt 0:00:51]} Rxc4 {[%emt 0:00:06]} 56. a5 {[%emt 0:00:20]} Rc6 {[%emt 0:00:10]} 57. Rb8 {[%emt 0:00:24]} Rd7 {[%emt 0:00:56]} 58. Ree8 {[%emt 0:01:21]} Kf7 {[%emt 0:06:12]} 59. Rf8+ {[%emt 0:00:05]} Ke7 {[%emt 0:00:08]} 60. Rbe8+ {[%emt 0:01:26]} Kd6 {[%emt 0:00:07]} 61. Rg8 {[%emt 0:01:00]} Kc5 {[%emt 0:00:58]} 62. Re5+ {[%emt 0:00:59]} Kb4 {[%emt 0:01:54]} 63. Rf8 {[%emt 0:00:20]} Rc5 {[%emt 0:03:15]} 64. Rf4+ {[%emt 0:00:08]} Kb5 {[%emt 0:00:06]} 65. Rxc5+ {[%emt 0:01:05]} Kxc5 {[%emt 0:00:05]} 66. Rf6 {[%emt 0:00:28]} Rd6 {[%emt 0:00:09]} 67. Rf7 {[%emt 0:00:10]} b5 {[%emt 0:00:18]} 68. axb6 {[%emt 0:00:28]} Kxb6 {[%emt 0:00:06]} 69. Kg3 {[%emt 0:00:28]} a5 {[%emt 0:00:05]} 70. Kf4 {[%emt 0:00:30]} a4 {[%emt 0:00:52]} 71. Ke5 {[%emt 0:00:33]} Rc6 {[%emt 0:00:14]} 72. Rf1 {[%emt 0:00:13]} Ka5 {[%emt 0:02:06]} 73. Kd5 {[%emt 0:01:07]} Rb6 {[%emt 0:00:30]} 74. Kc4 {[%emt 0:00:30]} Rb4+ {[%emt 0:00:47]} 75. Kc3 {[%emt 0:00:06]} Rg4 {[%emt 0:00:07]} 76. Rf8 {[%emt 0:00:31]} Rxg5 {[%emt 0:00:06]} 77. Ra8+ {[%emt 0:00:07]} Kb5 {[%emt 0:00:07]} 78. Rb8+ {[%emt 0:00:13]} Kc5 {[%emt 0:00:09]} 79. Ra8 {[%emt 0:00:49]} Rg3+ {[%emt 0:00:15]} 80. Kc2 {[%emt 0:00:44]} a3 {[%emt 0:00:05]} 81. Ra4 {[%emt 0:00:09]} a2 {[%emt 0:01:08]} 82. Kb2 {[%emt 0:01:20]} Kd5 {[%emt 0:02:56]} 83. Kxa2 {[%emt 0:00:06]} Rc3 {[%emt 0:00:12]} 84. Rg4 {[%emt 0:00:55]} Rc6 {[%emt 0:00:05]} 85. Kb3 {[%emt 0:00:03]} Ke5 {[%emt 0:00:03]} 0-1

[Event "2025 New Year TNM: 2000+"]
[Site "San Francisco"]
[Date "2025.01.21"]
[Round "3.7"]
[White "Agrawal, Varun"]
[Black "Chan, Kyle"]
[Result "0-1"]
[Annotator "Winslow,Elliott"]
[WhiteElo "1913"]
[BlackElo "2048"]
[PlyCount "86"]
[GameId "2137292992729267"]
[EventDate "2025.??.??"]

1. b3 d5 2. Bb2 Nf6 3. g3 e6 4. Bg2 Be7 5. Nf3 O-O 6. O-O b6 7. c4 Bb7 8. d3 c5 9. e3 Nc6 10. Nc3 Rc8 11. Qe2 Qc7 12. Rac1 Qb8 13. Rfd1 Rfd8 14. cxd5 Nxd5 15. Nxd5 Rxd5 16. d4 Rdd8 17. dxc5 {[%csl Rc4][%cal Gb6c5]} Bxc5 18. Ng5 h6 {[#]} 19. Nxf7 $3 (19. Ne4 Rxd1+ (19... Be7 20. a3 Ne5 21. Rxc8 Bxc8 22. Rxd8+ Bxd8 23. Qb5 Nd7 24. Qc6 Qc7 25. Nd6 Ba6 26. b4 Bd3 27. b5 Nf6 28. h3 a6 29. a4 axb5 30. axb5 Qe7 31. e4 e5 32. f4 exf4 33. gxf4 Nh5 34. Be5 Qh4 35. Qe8+ Kh7 36. Nf5 Qe1+ 37. Kh2 Bxe4 38. Bd4 {1-0 Keene,R-Bellin,R Teeside International 1972 (1) +0.75 Lc0 v0.26.1} (38. Bd4 {[#]} Bc7 $3 39. Qxe4 Bxf4+ 40. Ng3+ Qxe4 41. Bxe4+ f5 42. Bxf5+ g6 $14 43. Bg4 $1 Nxg3 44. Bxb6 $14 {(+0.75 Lc0 v0.26.1)})) 20. Rxd1 Rd8 21. Nxc5 bxc5 22. Qg4 g6 23. Bf6 Rxd1+ 24. Qxd1 Qc7 25. Qd3 Kh7 26. h4 a6 27. Qc3 {½-½ Kanellopoulos,P (2218)-Tassopoulos,M (2220) GRE-chT 34th Ermioni Argolidas 2005 (8)}) 19... Kxf7 20. Qg4 $1 {[%cal Gf1g2,Gg2e4]} Bf8 (20... e5 21. Qf5+ Kg8 22. Rxd8+ Rxd8 (22... Nxd8 23. Bxe5) 23. Bxc6 Bxc6 24. Qe6+ Kh8 25. Qxc6 {[%csl Ge3,Gf2,Gg3,Gh2]}) 21. Be4 $1 Ne7 (21... Rxd1+ 22. Rxd1 Nd8 23. Rd7+ Ke8 24. Rxb7 $1 Nxb7 25. Qxe6+ Kd8 (25... Be7 26. Bg6+ Kd8 27. Bf5 {[%csl Rd7]} Nc5 (27... Rc7 28. Qg8+) 28. Qg8+ Kc7 29. Qxg7) 26. Qf7 $1 Be7 27. Qg8+ Kd7 (27... Kc7 28. Qxg7) 28. Bf5+ Kc7 29. Qe6) 22. Qf3+ Kg8 23. Bxb7 $18 {[#]} Rxc1 24. Rxc1 Rd7 $6 (24... Rd2 25. Bc3 Rxa2 26. Be4) 25. Ba6 Qd6 26. Bc4 Rd8 27. Qg4 Kf7 28. h4 Nd5 29. Rd1 Qe7 30. h5 (30. e4) 30... Rd7 31. Qg6+ Kg8 32. Be5 Qf7 33. e4 Qf3 (33... Qxg6 34. hxg6 Nf6 35. Rxd7 Nxd7 36. Bxe6+) 34. Rd3 $1 Qe2 35. Qxe6+ Rf7 36. Bf4 Bc5 37. Re3 (37. Be3) 37... Qd1+ 38. Kg2 Nxe3+ 39. fxe3 (39. Bxe3 $4 Qf3+) 39... Qxh5 40. Qe8+ (40. g4 $1 {ends it.}) 40... Bf8 {[#] Did White lose on time?? One scoresheet, very neat, stopped keeping moves here. The other scoresheet, my guess is White's, turned to scribble but continued to move 60. I suspect (1) White traded on f7 and lost the ending a pawn up but dead even. (2) Black stopped keeping score with a lot more time on the clock than White, in order to "blitz" him (Illegal -- at this time control you must -- both! -- keep score). Sad really -- such a well-played game! Stockfish has very little to complain about the whole game (I was more flabbergasted than anything else!).} (40... Kh7 41. Bxf7 Qe2+ 42. Kh3 Qf1+ 43. Kg4 {#6}) (40... Bf8 41. Qe6 $1 $18 {[%csl Re2] is the direct win, admittedly by Zugzwang. 42.g4 is a problem.} (41. Qxf7+ $4 Qxf7 $11)) 41. Qxf7+ $4 Qxf7 $11 {(0.00 across the board)} 42. Bxf7+ Kxf7 43. Kf3 Ke6 {[%cal Gf4b8,Gg7g5,Gh6h5]} 0-1

[Event "2025 New Year TNM: 2000+"]
[Site "San Francisco"]
[Date "2025.01.21"]
[Round "3.9"]
[White "Das, Rohan"]
[Black "Seshadri, Sudarshan"]
[Result "1/2-1/2"]
[WhiteElo "2146"]
[BlackElo "2003"]
[PlyCount "82"]
[GameId "2137475051592476"]
[EventDate "2025.??.??"]

1. d4 d5 2. c4 c6 3. cxd5 cxd5 4. Bf4 Nc6 5. e3 Nf6 6. Nc3 a6 7. Bd3 e6 8. Nf3 Bd6 9. Bxd6 Qxd6 10. Ne2 Qb4+ 11. Qd2 Qxd2+ 12. Nxd2 Bd7 13. Nc3 O-O 14. O-O Rfc8 15. Nb3 b6 16. Rfd1 Nb4 17. Be2 Ne4 18. Nxe4 dxe4 19. a3 Nd5 20. Rdc1 Bb5 21. Bxb5 axb5 22. Rxc8+ Rxc8 23. Rc1 Rxc1+ 24. Nxc1 b4 25. a4 Kf8 26. Kf1 Ke7 27. Ke2 Kd6 28. Nb3 f5 29. f4 Kc6 30. Kd2 Kd6 31. a5 bxa5 32. Nxa5 Nb6 33. b3 Nd5 34. Nc4+ Ke7 35. Ke2 Nc3+ 36. Kf2 Nd5 37. h3 Kf6 38. g4 h6 39. Kg3 g6 40. Kf2 Nc3 41. Nd2 Nd1+ 1/2-1/2